| 000 | 00545nam a22001817a 4500 | ||
|---|---|---|---|
| 999 |
_c164908 _d164908 |
||
| 005 | 20190529163707.0 | ||
| 010 | _aENG-125397 | ||
| 020 |
_a9788192557526 _c490.00 |
||
| 035 | _aEN-108929 | ||
| 037 | _bDBAD/PUB | ||
| 082 | _a551.436 | ||
| 100 | _aBhardwaj, Umesh | ||
| 245 |
_aHills and valleys of India / _cby Umesh Bhardwaj |
||
| 260 |
_aNew Delhi _bAryan Prakashan _c2015 |
||
| 270 |
_aH-1/48, Bengal Colony, Mahaveer Enclave (Palam) _bNew Delhi _e110045 |
||
| 300 |
_a152p. _c22cm(Hb) |
||
| 942 |
_2ddc _cEN _h551.436 _mBHA |
||